logo

Bir Sreshtho Munshi Abdur Rouf Library
Jhenaidah Cadet College

তিতাস একটি নদীর নাম / (Record no. 980)

MARC details
000 -LEADER
fixed length control field 00673nam a22002297a 4500
001 - CONTROL NUMBER
JCCL Control Number 980
003 - CONTROL NUMBER IDENTIFIER
JCCL marc code BD-JhCC
005 - DATE AND TIME OF LATEST TRANSACTION
control field 20220802134021.0
008 - FIXED-LENGTH DATA ELEMENTS--GENERAL INFORMATION
fixed length control field 171012s2008 bg |||| ||a| 00| 0 ben d
020 ## - INTERNATIONAL STANDARD BOOK NUMBER
International Standard Book Number 9847002200379
035 ## - SYSTEM CONTROL NUMBER
system control number (BD-JhCC)980
040 ## - CATALOGING SOURCE
Original cataloging agency BD-JhCC
Modifying agency BD-JhCC
041 ## - LANGUAGE CODE
Language code of Book ben
082 ## - DEWEY DECIMAL CLASSIFICATION NUMBER
Classification number 891.443
Author mark and Year MOL 2008
100 ## - MAIN ENTRY--PERSONAL NAME
Personal name মল্লবর্মন, অদ্বৈত
245 ## - TITLE STATEMENT
Title তিতাস একটি নদীর নাম /
Statement of responsibility, etc মল্লবর্মন, অদ্বৈত
260 ## - PUBLICATION, DISTRIBUTION, ETC. (IMPRINT)
Place of publication, distribution, etc ঢাকা :
Name of publisher, distributor, etc সূচীপত্র,
Date of publication, distribution, etc 2008
300 ## - PHYSICAL DESCRIPTION
Pagination 208 p.:
Dimensions 21 cm.
650 ## - SUBJECT ADDED ENTRY--TOPICAL TERM
Topical term or geographic name as entry element Bengali Novel
942 ## - ADDED ENTRY ELEMENTS (KOHA)
Source of classification or shelving scheme Dewey Decimal Classification
Koha item type Books
Koha issues (borrowed), all copies 1
Holdings
Source of classification or shelving scheme Damaged status Not for loan Home library Current library Date of accession Cost, normal purchase price Total Checkouts Full call number Barcode Date last seen Date checked out Copy number Koha item type Shelving location Method of acquisition Currency
Dewey Decimal Classification     JCC Rouf Library JCC Rouf Library 10/12/2017 120.00 3 891.443 MOL 2008 1967 02/08/2026 11/10/2025 C-1 Books      
Dewey Decimal Classification     JCC Rouf Library JCC Rouf Library       891.443 MOL 1999 19511 05/12/2024   C-2 Books General Stacks Purchase BDT

JCC Library | Contacts | JCC Home

Last Update on 23 September 2017
Copyright @ 2017-2020 JCC Rouf Library
Rouf Library, Jhenidah Cadet College (JCC), Bangladesh